[Event "DEM U12 2016"]
[Site "Willingen GER"]
[Date "2016.05.20"]
[Round "10"]
[White "Kostanyan, Hakob"]
[Black "Schille, Hannes"]
[Result "1-0"]
[Termination "normal"]
[Board "25"]
[WhiteElo "1604"]
[BlackElo "1629"]
[PlyCount "125"]
[WhiteFideId "12977683"]
[BlackFideId "16206053"]
[EventCountry "GER"]
[EventRounds "11"]
[EventType "swiss"]
[EventDate "2016.05.14"]

1. e4 c5 2. Nf3 d5 3. exd5 Nf6 4. Bb5+ Nbd7 5. O-O Nxd5 6. d4 cxd4 7. Nxd4 e6
8. c3 a6 9. Bd3 Bd6 10. Nd2 Qc7 11. N2f3 O-O 12. Bg5 b5 13. Qe2 h6 14. Bh4 Nf4
15. Qe4 Nxd3 16. Qxd3 Bb7 17. Bg3 Bxg3 18. hxg3 Rad8 19. Qe3 Nf6 20. Rad1 Bd5
21. a3 Qb7 22. Rfe1 Rfe8 23. Qf4 Re7 24. Rd2 Rde8 25. Rde2 Ne4 26. Rxe4 Bxe4
27. Qxe4 Qxe4 28. Rxe4 Rc7 29. Ne5 f6 30. Nef3 e5 31. Nf5 Rd8 32. a4 Rb7 33.
Rb4 Rdd7 34. axb5 Rxb5 35. Rxb5 Rd1+ 36. Kh2 axb5 37. Ne3 Rb1 38. b4 Rc1 39.
Nd5 Kf7 40. g4 Kg6 41. Kg3 Kf7 42. Nh4 Rd1 43. Nc7 Rd3+ 44. f3 Rxc3 45. Nxb5
Rb3 46. Nd6+ Ke7 47. Nhf5+ Kf8 48. b5 Rb1 49. Ne3 Ke7 50. Nef5+ Kf8 51. Ne3 Ke7
52. Ndf5+ Kf8 53. Nd6 Ke7 54. Nec4 g6 55. b6 Kd7 56. Nf7 Rb4 57. Ncxe5+ fxe5
58. Nxe5+ Ke8 59. Nxg6 Rxb6 60. Ne5 Ke7 61. Kh4 Kf6 62. Nd7+ Kg6 63. Nxb6 1-0

[Event "DEM U12 2016"]
[Site "Willingen GER"]
[Date "2016.05.20"]
[Round "10"]
[White "Ewerhardy, Moritz"]
[Black "Krause, Marc"]
[Result "1/2-1/2"]
[Termination "normal"]
[Board "27"]
[WhiteElo "1382"]
[BlackElo "1535"]
[PlyCount "45"]
[WhiteFideId "36052086"]
[BlackFideId "12985724"]
[EventCountry "GER"]
[EventRounds "11"]
[EventType "swiss"]
[EventDate "2016.05.14"]

1. d4 d5 2. c4 e6 3. Nc3 Nf6 4. Bf4 c6 5. Nf3 Be7 6. e3 O-O 7. Rc1 Nbd7 8. Bd3
Re8 9. O-O Nh5 10. Bg3 Nxg3 11. fxg3 Bd6 12. a3 Nf8 13. b4 a5 14. Qb3 axb4 15.
axb4 dxc4 16. Qxc4 Qe7 17. Rb1 Ng6 18. Ne4 Bd7 19. Nc5 b6 20. Ne4 Rec8 21. Nxd6
Qxd6 22. Bxg6 hxg6 23. Ne5 1/2-1/2

[Event "DEM U12 2016"]
[Site "Willingen GER"]
[Date "2016.05.20"]
[Round "10"]
[White "Marzisch, Darius"]
[Black "Yüksel, Baran"]
[Result "0-1"]
[Termination "normal"]
[Board "28"]
[WhiteElo "1493"]
[BlackElo "1351"]
[PlyCount "60"]
[WhiteFideId "12997480"]
[BlackFideId "12998710"]
[EventCountry "GER"]
[EventRounds "11"]
[EventType "swiss"]
[EventDate "2016.05.14"]

1. e4 c5 2. Nf3 e6 3. d4 cxd4 4. Nxd4 a6 5. Nc3 Qc7 6. a3 Bc5 7. Be3 Nf6 8. f3
b5 9. Qd2 Bb7 10. g4 h6 11. Bd3 b4 12. axb4 Bxb4 13. Nde2 e5 14. O-O d5 15.
exd5 Bxd5 16. Nxd5 Nxd5 17. c3 Nxe3 18. Bb5+ axb5 19. Rxa8 Nxf1 20. Kxf1 Bd6
21. Ra1 O-O 22. Rd1 Rd8 23. Qc2 Bc5 24. Re1 Ba7 25. Ng3 Qc5 26. Kg2 b4 27. Ne4
Qb6 28. Ng3 b3 29. Qe2 Nc6 30. Kh1 Qf2 0-1

[Event "DEM U12 2016"]
[Site "Willingen GER"]
[Date "2016.05.20"]
[Round "10"]
[White "Riemann, Jonas"]
[Black "Zwecker, Hagen"]
[Result "1/2-1/2"]
[Termination "normal"]
[Board "29"]
[WhiteElo "1408"]
[BlackElo "1325"]
[PlyCount "70"]
[WhiteFideId "12977462"]
[BlackFideId "12991007"]
[EventCountry "GER"]
[EventRounds "11"]
[EventType "swiss"]
[EventDate "2016.05.14"]

1. e4 e5 2. Nf3 Nc6 3. Bc4 Bc5 4. c3 Nf6 5. d4 exd4 6. cxd4 Bb4+ 7. Bd2 Nxe4 8.
Bxb4 Nxb4 9. Bxf7+ Kxf7 10. Qb3+ d5 11. Ne5+ Ke8 12. Qxb4 a5 13. Qb3 Qf6 14.
O-O Qd6 15. Re1 Be6 16. Nc3 Rf8 17. Qxb7 Ke7 18. Nxe4 dxe4 19. Qxe4 Bf5 20.
Nc4+ Bxe4 21. Nxd6 Kxd6 22. Rxe4 Kd5 23. f3 Rab8 24. b3 a4 25. bxa4 Ra8 26. Rc1
c6 27. Rc5+ Kd6 28. a5 Ra6 29. Kf2 Rfa8 30. Ree5 Rb8 31. a3 Rb3 32. Re3 Rb2+
33. Re2 Rb3 34. Re3 Rb2+ 35. Re2 Rb3 1/2-1/2

[Event "DEM U12 2016"]
[Site "Willingen GER"]
[Date "2016.05.20"]
[Round "10"]
[White "Jeschke, Jan"]
[Black "Stahnecker, Hagen"]
[Result "0-1"]
[Termination "normal"]
[Board "30"]
[WhiteElo "1167"]
[BlackElo "1316"]
[PlyCount "74"]
[WhiteFideId "16225430"]
[BlackFideId "16225422"]
[EventCountry "GER"]
[EventRounds "11"]
[EventType "swiss"]
[EventDate "2016.05.14"]

1. e4 e5 2. Nf3 Nc6 3. Bc4 Be7 4. d4 d6 5. dxe5 dxe5 6. Qxd8+ Bxd8 7. Nc3 Nf6
8. Be3 Bg4 9. O-O-O O-O 10. h3 Be6 11. Bxe6 fxe6 12. Nd2 a6 13. Nb3 Be7 14. Bc5
Rfe8 15. g4 Rad8 16. a3 Nd7 17. Bxe7 Rxe7 18. Rd3 b6 19. Rhd1 Ncb8 20. h4 Rf8
21. f3 c5 22. Nd2 Nc6 23. Na2 Nd4 24. Re3 b5 25. c3 Nc6 26. Kc2 Rc8 27. g5 b4
28. Nc4 Rb8 29. b3 bxc3 30. Nxc3 Nd4+ 31. Kd3 Rxb3 32. Kd2 Rf7 33. Rf1 Rf4 34.
h5 Rh4 35. h6 Rh2+ 36. Kd1 Nb5 37. Nxb5 Rb1# 0-1